000 00932nam a2200265Ia 4500
003 OSt
005 20220923210953.0
006 a|||||r|||| 00| 0
007 ta
008 220922b |||||||| |||| 00| 0 hin d
020 _a8126309156 (hb)
024 _a231,205
037 _cTextual
040 _aARTS
_cARTS
_bhin
041 _2hin
_ahin
082 _aO152,3x, P3
100 _aजैन, जगदीशचन्द्र
_9156680
245 0 _aप्राचीन भारत की श्रेष्ठ कहानियॉं
246 _aPrāchīn bhārat kī shreṣhṭha kahāniyaॉan
260 _aनई दिल्ली
_b भारतीय ज्ञानीपाठ
_c2003
300 _a120पृ.
_ccm.
650 _aहिन्दी साहित्य
_9156264
942 _hO152,3x, P3
_cTEXL
_2CC
999 _c293315
_d293315